000 00635nam a2200181 a 4500
001 BRCA_69
005 20190320202854.0
008 970618s1996 mx-a######---#000-0#spa-#
041 _aspa
044 _amx
050 4 _aAM23.A2
_b.C46 1988
245 1 0 _aEl Centro de Investigación y Servicios Museológicos.
260 _aMéxico
_bUNAM, Coordinación de Difusión Cultural
_c1988
300 _a1 v. (sin paginación)
_bil.
_c22 cm.
610 2 4 _aUniversidad Nacional Autónoma de México
_bCentro de Investigación y Servicios Museológicos
_xHistoria
_zCiudad de México
_9310
650 1 4 _aMuseos
_xHistoria
_zMéxico
_9149
942 _2lcc
_cB
999 _c68
_d68